000 00677nam a22001457a 4500
008 141020b xxu||||| |||| 00| 0 eng d
020 _a8182741556
082 _a546.003 JAC
100 _9692
_aJack David
245 _aEncyclopaedic dictionary of inorganic chemistry
_cDavid Jack
260 _aNew Delhi :
_bPentagon Press,
_cc.2004.
300 _a208 p. :
_b ill. ;
_c23 cm.
500 _ahttps://www.worldcat.org/title/encyclopaedic-dictionary-of-inorganic-chemistry/oclc/835531844&referer=brief_results http://www.amazon.com/Encyclopaedic-Dictionaries-Inorganic-Chemistry/dp/8182741556/ref=sr_1_1?s=books&ie=UTF8&qid=1413785244&sr=1-1&keywords=8182741556
942 _2ddc
_cBK
999 _c61159
_d61159